| 000 | 00592nam a2200181Ia 4500 | ||
|---|---|---|---|
| 008 | 100920s9999 xx 000 0 und d | ||
| 082 |
_b2326 _a491.462 थ 53 |
||
| 100 | _aखेर वसंत गोविंद. | ||
| 245 | _aवसईचे कारस्थान. | ||
| 260 |
_bपूजा प्रकाशन, नागपूर. _c1953 |
||
| 300 |
_a76 _bसाधी |
||
| 365 | _b1.5 | ||
| 520 | _aनाटक. | ||
| 630 | _aवसईचे कारस्थान. | ||
| 650 | _aनाटक. | ||
| 730 | _aवसईचे कारस्थान. | ||
| 942 | _cBOOK | ||
| 999 |
_c672975 _d672972 |
||